| 000 | 00555nam a22001817a 4500 | ||
|---|---|---|---|
| 005 | 20251108170920.0 | ||
| 008 | 250721s1998 xx 000 0 ara d | ||
| 082 | 1 | 4 | _aط/511.8/أرق |
| 245 | 1 | 0 | _aالأرقام / |
| 264 | 1 |
_aبيروت : _bمكتبة لبنان ناشرون، _c1998. |
|
| 300 | _a17ص | ||
| 490 | 0 | _aكتب الفراشة : سلسلة خطوتي الأولى | |
| 650 | 1 | 7 | _aالأعداد |
| 650 | 1 | 7 | _aالحساب |
| 653 | _aأطفال ما قبل المدرسة ( 0 - 5 سنوات ) | ||
| 942 |
_2ddc _cBK |
||
| 999 |
_c52032 _d52032 |
||